000
00257nam a2200109Ia 4500
008
190911s9999||||xx |||||||||||||| ||und||
100
_a
Walter Savitch
245
0
_a
Instructor's Guide for PASCAL
260
_a
USA
_b
Pearson
_c
1995
300
_a
250
942
_c
BK
999
_c
6974
_d
6974